Sports training concepts (Record no. 393775)

MARC details
000 -LEADER
fixed length control field 00468 a2200181 4500
005 - DATE & TIME
control field 20260129102229.0
008 - FIXED-LENGTH DATA ELEMENTS--GENERAL INFORMATION
fixed length control field 260128b |||||||| |||| 00| 0 eng d
020 ## - ISBN
International Standard Book Number 9789358775648
Price Rs. 500.00
040 ## - CATALOGING SOURCE
Original cataloging agency VIVEKANANDA LIBRARY
082 ## - DDC NUMBER
Classification number 796.077
Book Number D536S
100 ## - MAIN ENTRY--PERSONAL NAME
Personal name Dhankhar, Ajay
245 ## - TITLE STATEMENT
Title Sports training concepts
260 ## - PUBLICATION, DISTRIBUTION, ETC. (IMPRINT)
Name of publisher, distributor, etc Khel Sahitya Kendra
Date of publication, distribution, etc 2024
Place of publication, distribution, etc New Delhi
300 ## - PHYSICAL DESCRIPTION
Pages 229
650 ## - Subject
Subject Physical Education
650 ## - Subject
Subject Sports Training
942 ## - ADDED ENTRY ELEMENTS (KOHA)
Koha item type Books
Holdings
Withdrawn status Lost status Source of classification or shelving scheme Damaged status Not for loan Location (home branch) Sublocation or collection (holding branch) Shelving location Date acquired Koha issues (times borrowed) Koha full call number Accession No. Koha date last seen Koha item type
    Dewey Decimal Classification     VIVEKANANDA LIBRARY VIVEKANANDA LIBRARY Vivekananda Library 03/12/2025   796.077 D536S 443378 03/12/2025 Books
© Designed and Maintained by Vivekananda Library, MDU Rohtak